| 000 | 01362pab a2200181 454500 | ||
|---|---|---|---|
| 008 | 180718b2003 xxu||||| |||| 00| 0 eng d | ||
| 100 | _aSingh, Jaivir | ||
| 245 | _aIncentives and judicially determined terms of employment in India: endemic trade-off between justice and efficiency | ||
| 260 | _c2003 | ||
| 300 | _ap.124-34. | ||
| 362 | _a11 Jan | ||
| 520 | _aThis paper begins by presenting an account of some of the successive restrictions imposed by the law - both by the statutes and their interpretation by courts - that define the parameters within which Indian industrial establishments are obliged to function in relation to dismissing workers. This description of the substantive content of the law indicates that the restrictions on the termination of errant workers are embedded in judicial concerns of equality. Translated into procedure this requires, one, that penalties imposed on workers be proportional to misconduct, and two, that stringent evidentiary requirements by met in every case of worker termination. These constraints lead to a trade-off is inevitable or it is possible to ease the trade-off by structurally reorienting the law. - Reproduced. | ||
| 650 | _aEmployment - India | ||
| 650 | _aConditions of employment - India | ||
| 650 | _aConditions of employment | ||
| 773 | _aEconomic and Political Weekly | ||
| 909 | _a55068 | ||
| 999 |
_c55068 _d55068 |
||